000 004920000a22001810004500
003 MACL
005 20151014121407.0
008 151014b xxu||||| |||| 00| 0 eng d
040 _aMACL
_cMACL
041 _aEnglish
082 _a920/LAK
100 _aLakshminarayanan, V R
_914713
245 _aAppointments and Disppointments
_bMy life in the Indian Police Services
260 _bVikas Publishing House
_c1988
_aU.P.
350 _a150
650 _aBiography
_914714
942 _cBK
_k920
_2ddc
999 _c6267
_d6267